| 000 | 00411nam a2200145Ia 4500 | ||
|---|---|---|---|
| 008 | 230917s9999||||xx |||||||||||||| ||und|| | ||
| 040 |
_e172890 _aMAIN |
||
| 041 | _aEnglish | ||
| 082 | _a891.4317109 BD469:VR | ||
| 100 | _aव्यास, रामसुख | ||
| 245 | 0 | _aधर्मवीर भारती का रचना संसार | |
| 260 | _c1985 | ||
| 300 | _a240 पृ. p. | ||
| 942 | _cHN | ||
| 999 |
_c52941 _d52941 |
||